Movies Quiz

Random Movies or Year Quiz

Poster Portions (2014) Quiz Stats

 Plays Quiz Updated Feb 25, 2018

Score 0/40 Timer 08:00
1 Play Today
% Correct
The Amazing Spider-Man 2
92.7%
The Lego Movie
91.5%
Guardians of the Galaxy
87%
The Hobbit:
The Battle of the Five Armies
86.2%
Dawn of the
Planet of the Apes
84.7%
X-Men: Days of Future Past
84.3%
Maleficent
82.3%
Transformers:
Age of Extinction
79.8%
How to Train Your Dragon 2
77%
22 Jump Street
75%
Big Hero 6
74.4%
Penguins of Madagascar
73.8%
The Fault in Our Stars
72.8%
Interstellar
66.2%
Godzilla
65.9%
Horrible Bosses 2
64.3%
RoboCop
59%
The Imitation Game
56.9%
Boyhood
54.6%
American Sniper
53.2%
% Correct
Into the Woods
50.9%
Fury
49.6%
Whiplash
49.4%
Noah
44.8%
The Monuments Men
44.6%
Edge of Tomorrow
43.8%
A Million Ways to
Die in the West
43.4%
Wild
39.6%
Mr. Peabody & Sherman
39.3%
Jersey Boys
38.6%
The Boxtrolls
33.5%
Chef
30.4%
Foxcatcher
30.1%
The Book of Life
23.8%
The Judge
22.6%
Gone Girl
16.7%
Locke
10.6%
Serena
10.3%
The Hundred-Foot Journey
9.3%
Inherent Vice
8.7%

You're not logged in!

Compare scores with friends on all Sporcle quizzes.
OR
Log In

You Might Also Like...

Show Comments

Extras

Top Quizzes Today


Score Distribution

Your Account Isn't Verified!

In order to create a playlist on Sporcle, you need to verify the email address you used during registration. Go to your Sporcle Settings to finish the process.

Report this User

Report this user for behavior that violates our Community Guidelines.

Details: